00942pam a2200217 a 4500999001700000001000800017008004100025010001700066020001500083050002200098100002500120245010700145260005400252300003400306504006400340600006600404600006000470700003600530942003400566952012400600 c18719d187193922903920506s1992 moua bc s001 0 eng  a 92018250  a082620824X00aND653.L85S63 19921 aSmith, Elise Lawton.14aThe paintings of Lucas van Leyden :ba new appraisal, with catalogue raisonné /cElise Lawton Smith. aColumbia :bUniversity of Missouri Press,cc1992. axvi, 386 p. :bill. ;c25 cm. aIncludes bibliographical references (p. 343-378) and index.00aLucas,cvan Leyden,d1494-1533xCriticism and interpretation.00aLucas,cvan Leyden,d1494-1533xCatalogues raisonnés.0 aLucas,cvan Leyden,d1494-1533. 2lcccBOOKShND653.L85S63 1992 00102lcc4070aMUCbMUCcTECHd2017-01-14eDonation (BFA)l0oND653.L85S63 1992p29444r2018-07-19w2017-01-14yBOOKS